Score 0/11 Timer 02:00
0 Plays Today
Clue 4-Letter Word % Correct
12 inchesFOOT
98.3%
April first celebrantFOOL
97.4%
Two squaredFOUR
96.4%
Dust from a chimneySOOT
96.3%
Ineligible hit in baseballFOUL
96.2%
Scoring attempt in soccer or basketballSHOT
95.1%
Partner of 'tell' in elementary school• SHOW •
91.2%
Second person possessive• YOUR •
89.9%
Richard III's royal houseYORK
71.4%
Alias of former MLBer called the 'Greek God of Walks'YOUK
69.7%
2016 Rihanna hit (featuring Drake)• WORK •
57.9%

Today's Daily Dose

Get the Picture
Which JB?

Remove Ads.
Support Sporcle.
Get the best of Sporcle when you Go Orange. This ad-free experience offers more features, more stats, and more fun while also helping to support Sporcle. Thank you for becoming a member.

You're not logged in!

Compare scores with friends on all Sporcle quizzes.
OR
Log In

Show Comments

Extras

Top Quizzes Today


Score Distribution

Your Account Isn't Verified!

In order to create a playlist on Sporcle, you need to verify the email address you used during registration. Go to your Sporcle Settings to finish the process.

Report this User

Report this user for behavior that violates our Community Guidelines.

Details: